US Cities with the most freeways - Statistics

General Stats
  • This quiz has been taken 184 times
  • The average score is 21 of 28
Answer Stats
# of Freeways Metro Area % Correct
30 Los Angeles
99%
37 New York
97%
22 Bay Area
95%
15 Chicago
95%
23 Dallas
95%
17 Houston
95%
14 Miami
95%
16 Seattle
91%
14 San Diego
90%
14 Atlanta
89%
22 DC
88%
13 Detroit
87%
17 Philadelphia
85%
9 Boston
84%
9 Denver
80%
9 San Antonio
80%
10 Cleveland
76%
18 Minneapolis
76%
9 Pittsburgh
75%
10 Tampa
73%
9 St. Louis
68%
9 Jacksonville
65%
14 Kansas City
65%
9 Oklahoma City
53%
9 Richmond
33%
9 Tulsa
33%
10 Hartford
21%
9 Piedmont Triad
11%
No matching quizzes found
Score Distribution
Percent of People with Each Score
Percentile by Number Answered
Your Score History
You have not taken this quiz